| 000 | 01336cam a22003737a 4500 | ||
|---|---|---|---|
| 001 | 7855837 | ||
| 003 | USPCAS-E | ||
| 005 | 20180118181415.0 | ||
| 006 | m d | ||
| 007 | cr n | ||
| 008 | 051207s2006 nyua sb 001 0 eng d | ||
| 016 | 7 |
_a977491544 _2GyFmDB |
|
| 020 | _a0387251162 (hd. bd.) | ||
| 020 | _a9780387251165 | ||
| 035 | _a(WaSeSS)ssj0000317819 | ||
| 040 |
_aOHX _cOHX _dKSU _dIXA _dYDXCP _dOCLCQ _dBAKER _dDLC _dWaSeSS |
||
| 042 | _alccopycat | ||
| 050 | 4 |
_aTK2931 _b.S75 2006 |
|
| 072 | 7 |
_aTK _2lcco |
|
| 082 |
_223 _a621.31244 _bSRI-F 2006 |
||
| 100 | 1 |
_aSrinivasan, S. _q(Supramaniam), _d1932- |
|
| 210 | 1 | 0 | _aFuel cells |
| 245 | 1 | 0 |
_aFuel cells _h[electronic resource] : _bfrom fundamentals to applications / _cSupramaniam Srinivasan. |
| 260 |
_aNew York : _bSpringer, _c2006. |
||
| 502 | _a0 | ||
| 504 | _aIncludes bibliographical references and index. | ||
| 506 | _aLicense restrictions may limit access. | ||
| 650 | 0 |
_aFuel cells _xTextbooks. |
|
| 650 | 0 |
_aElectrochemistry _xTextbooks. |
|
| 773 | 0 | _tSpringerLink ebooks - Chemistry and Materials Science (2006) | |
| 856 | 4 | 0 |
_uhttp://www.columbia.edu/cgi-bin/cul/resolve?clio7855837 _zFull text available from SpringerLink ebooks - Chemistry and Materials Science (2006) |
| 910 | _aLibrary of Congress record | ||
| 942 |
_2ddc _cBK |
||
| 999 |
_c355826 _d355826 |
||